| 000 | 01300naa a22003737a 4500 | ||
|---|---|---|---|
| 001 | BR6001542 | ||
| 003 | BR-BrBNA | ||
| 005 | 20240918172846.0 | ||
| 007 | ta | ||
| 008 | 230509b bl.||||| |||| 00| 0 por d | ||
| 040 |
_aBR-BrBNA _bpor _cBiblioteca Nacional de Agricultura |
||
| 041 | _a(Pt) | ||
| 072 |
_aE70; E10 _b0180 _b0336 |
||
| 090 | _aE70 BR6001542 | ||
| 100 | 1 | _aLeite, C.A.S. | |
| 100 | 1 | _aSvoboda, L.H. | |
| 100 | 1 | _aDuarte, R.R. | |
| 100 | 1 | _aSesti, L.N. | |
| 111 | 1 |
_a3. Seminario Brasileiro de Sementes _cRecife, PE (Brazil) _d14 Sep 1970 |
|
| 245 | 1 | _aProducao de semente de trigo e soja no sul do pais. Participacao das cooperativas [Fiscalizacao; Financiamento; Melhoramento genetico] | |
| 260 | 3 |
_aRio de Janeiro, GB (Brasil): _c1972. |
|
| 500 | _aAnais do 3. Seminario Brasileiro de Sementes Rio de Janeiro, GB (Brasil): 1972. p. 174-181 (BR6001542-AM)E70 | ||
| 650 | _aComercializacao | ||
| 650 | _aMacroeconomia | ||
| 650 | _aTrigo | ||
| 650 | _aSoja | ||
| 650 | _aSemente | ||
| 650 | _aCooperativa | ||
| 650 | _aFinanciamento | ||
| 650 | _aMelhoramento genetico | ||
| 773 | 0 |
_tAnais do 3. Seminario Brasileiro de Sementes _wE70 BR6001542 _gRio de Janeiro, GB (Brasil), 1972. p. 174-181 |
|
| 909 |
_a202404 _bLucia _c55 _dLucia Elande |
||
| 942 |
_cAM _2AGRIS |
||
| 999 |
_c301773 _d301773 |
||